[Event "29ième Championnat de Martinique"]
[Site "Fort-de-France"]
[Date "2013.05.18"]
[Round "1"]
[White "Marceline, Philippe"]
[Black "Medeuf, Yonhel"]
[Result "0-1"]
[WhiteElo "1984"]
[BlackElo "2072"]
[PlyCount "62"]
[EventDate "2013.05.18"]
[EventType "tourn"]
[EventRounds "11"]
[EventCountry "MFR"]

1. e4 c5 2. c3 e6 3. d4 d5 4. e5 Nc6 5. Nf3 Qb6 6. Na3 cxd4 7. cxd4 Nh6 8. Nc2
Nf5 9. Bd3 Bb4+ 10. Kf1 Bd7 11. g4 Nh6 12. h3 Be7 13. Kg2 Ng8 14. Bd2 f6 15.
exf6 gxf6 16. Qe2 Bd6 17. b4 Nge7 18. a4 a5 19. b5 Nd8 20. Bc3 Nf7 21. Rhe1 h5
22. gxh5 Rxh5 23. Rh1 O-O-O 24. Qd2 Bc7 25. Rae1 e5 26. dxe5 fxe5 27. Bd4 Qf6
28. b6 Rg8+ 29. Kf1 Qxf3 30. Qxa5 Qxd3+ 31. Re2 Rxh3 0-1

[Event "29ième Championnat de Martinique"]
[Site "Fort-de-France"]
[Date "2013.05.18"]
[Round "1"]
[White "Suez Panama, Gilles"]
[Black "Verneuil, Pascal"]
[Result "1-0"]
[WhiteElo "2059"]
[BlackElo "2069"]
[PlyCount "73"]
[EventDate "2013.05.18"]
[EventType "tourn"]
[EventRounds "11"]
[EventCountry "MFR"]

1. Nf3 Nf6 2. d4 e6 3. c4 c5 4. d5 exd5 5. cxd5 d6 6. Nc3 g6 7. g3 Bg7 8. Bg2
O-O 9. O-O Re8 10. Nd2 a6 11. a4 Nbd7 12. h3 Rb8 13. Nc4 Ne5 14. Na3 h6 15. f4
Ned7 16. Nc4 Qc7 17. e4 b5 18. Nxd6 Qxd6 19. e5 Rxe5 20. fxe5 Nxe5 21. axb5
axb5 22. Bf4 b4 23. Qe2 Nfd7 24. Ne4 Qb6 25. Be3 f5 26. Nd2 Bb7 27. Rfc1 Rc8
28. Nb3 Qd6 29. Qb5 Bxd5 30. Ra6 Nf3+ 31. Kf2 Rc6 32. Rxc6 Bxc6 33. Qe2 Nde5
34. Nxc5 Nd4 35. Rd1 Nxe2 36. Rxd6 Bxg2 37. Kxg2 1-0

[Event "29ième Championnat de Martinique"]
[Site "Fort-de-France"]
[Date "2013.05.18"]
[Round "1"]
[White "Lafortune, Emerick"]
[Black "Rapon, Karl Loic"]
[Result "0-1"]
[WhiteElo "1713"]
[BlackElo "2069"]
[PlyCount "82"]
[EventDate "2013.05.18"]
[EventType "tourn"]
[EventRounds "11"]
[EventCountry "MFR"]

1. Nf3 Nf6 2. c4 c5 3. Nc3 Nc6 4. g3 d5 5. cxd5 Nxd5 6. d4 cxd4 7. Nxd4 Nxc3 8.
bxc3 Qd5 9. Rg1 Qc5 10. Qd3 Bd7 11. Be3 Ne5 12. Qd2 Nc4 13. Qc1 Qc7 14. Bg2 e5
15. Nc2 a5 16. Bd5 Rc8 17. Rb1 b5 18. Bxc4 Qxc4 19. Bd2 Bc5 20. Na3 Qa4 21. Nc2
Bf5 22. Rb2 b4 23. c4 O-O 24. Ne3 Bg6 25. g4 Bd4 26. h4 Qa3 27. Rb3 Qxa2 28. h5
Be4 29. f3 Qxb3 30. fxe4 Bxe3 31. Bxe3 Rxc4 32. Qd2 Rc2 33. Qd1 Qxe3 34. Qxc2
Qxg1+ 35. Kd2 Rd8+ 36. Qd3 Rxd3+ 37. exd3 a4 38. Kc2 Qe1 39. g5 Qe2+ 40. Kb1 a3
41. Kc1 b3 0-1

[Event "29ième Championnat de Martinique"]
[Site "Fort-de-France"]
[Date "2013.05.18"]
[Round "1"]
[White "Montabord, Manuel"]
[Black "Guillaume, Marvin"]
[Result "1-0"]
[WhiteElo "2052"]
[BlackElo "1693"]
[PlyCount "117"]
[EventDate "2013.05.18"]
[EventType "tourn"]
[EventRounds "11"]
[EventCountry "MFR"]

1. e4 d6 2. d4 c6 3. Nc3 Nd7 4. g3 g6 5. Bg2 Bg7 6. Nge2 Ngf6 7. O-O O-O 8. h3
e5 9. a4 Re8 10. Be3 exd4 11. Bxd4 Ne5 12. f4 Nc4 13. b3 Na5 14. g4 c5 15. Bf2
Nxg4 16. hxg4 Bxg4 17. Be1 Bd4+ 18. Kh1 f5 19. Qd3 Bxe2 20. Qxe2 Qf6 21. Qf3
fxe4 22. Qh3 Nc6 23. Bxe4 Nb4 24. Rd1 Re7 25. Nd5 Nxd5 26. Bxd5+ Kf8 27. c3 Re3
28. Rf3 Rae8 29. Bd2 Rxf3 30. Qxf3 Qh4+ 31. Kg2 Bf6 32. Rh1 Kg7 33. Rxh4 Bxh4
34. Bxb7 h6 35. Bd5 h5 36. Qh3 Re2+ 37. Kf1 Rf2+ 38. Kg1 Rxd2 39. Qxh4 Rxd5 40.
Qe7+ Kh6 41. Qf8+ Kh7 42. Qf7+ Kh6 43. Qxd5 a5 44. Qxd6 h4 45. Qxc5 h3 46. Qxa5
h2+ 47. Kxh2 Kh7 48. Qg5 Kh8 49. a5 Kg7 50. a6 Kf7 51. a7 Ke6 52. a8=Q Kd6 53.
Qgd5+ Ke7 54. Qac6 g5 55. f5 g4 56. Kg1 g3 57. Qdd7+ Kf8 58. Qg6 g2 59. Qgf7#
1-0

[Event "29ième Championnat de Martinique"]
[Site "Fort-de-France"]
[Date "2013.05.18"]
[Round "1.1"]
[White "Chancerel, Dominique"]
[Black "Midonet, Mathieu"]
[Result "0-1"]
[WhiteElo "1832"]
[BlackElo "2138"]
[PlyCount "100"]
[EventDate "2013.05.18"]
[EventType "tourn"]
[EventRounds "11"]
[EventCountry "MFR"]

1. e4 c5 2. Nf3 Nc6 3. Bb5 e6 4. O-O Nge7 5. d4 cxd4 6. Nxd4 Qb6 7. Nxc6 bxc6
8. Be2 d5 9. Nd2 Ng6 10. exd5 cxd5 11. Nb3 Bd6 12. Be3 Qb8 13. g3 O-O 14. Bf3
Ne5 15. Bg2 a5 16. a4 Ba6 17. Re1 Rc8 18. Bd4 Nc6 19. Bc3 Bb4 20. Bxb4 Nxb4 21.
c3 Nd3 22. Re2 Nc5 23. Nd4 Bxe2 24. Qxe2 Nb3 25. Nxb3 Qxb3 26. Ra3 Qb6 27. Bf1
Rab8 28. b3 Rxc3 29. Qe5 Rc2 30. Qf4 Qb4 31. Qxb4 Rxb4 32. Bb5 Rc3 33. Ra1
Rcxb3 34. Kg2 Rb1 35. Ra2 R4b2 36. Ra3 Rc1 37. h4 Rcc2 38. Rf3 Kf8 39. h5 h6
40. Bd7 Ke7 41. Bb5 e5 42. Rf5 f6 43. g4 d4 44. Kg3 Rc3+ 45. Kg2 d3 46. Rf3 d2
47. Rxc3 d1=Q 48. Rc7+ Kd8 49. Rxg7 Qd5+ 50. Kg1 Rb1+ 0-1

[Event "29ième Championnat de Martinique"]
[Site "Fort-de-France"]
[Date "2013.05.18"]
[Round "1"]
[White "Mendiondo, Yosvany"]
[Black "Nardol, Fred"]
[Result "1-0"]
[WhiteElo "2040"]
[BlackElo "1894"]
[PlyCount "127"]
[EventDate "2013.05.18"]
[EventType "tourn"]
[EventRounds "11"]
[EventCountry "MFR"]

1. Nf3 Nf6 2. b3 g6 3. Bb2 Bg7 4. e4 d6 5. h3 O-O 6. Qe2 e5 7. g4 Nc6 8. Bg2
Nd7 9. Na3 Nc5 10. d3 Ne6 11. Nc4 Nf4 12. Qf1 Nb4 13. Ne3 c6 14. a3 Na6 15.
O-O-O Qc7 16. Kb1 Nc5 17. Nd2 Nce6 18. Bf3 Nd4 19. h4 Nxf3 20. Nxf3 d5 21. Nh2
Be6 22. Ng2 dxe4 23. dxe4 Rad8 24. Nxf4 exf4 25. Bxg7 Kxg7 26. Rxd8 Rxd8 27. f3
Qe7 28. Qc1 Qd6 29. Qb2+ Qd4 30. Qxd4+ Rxd4 31. Kc1 f5 32. exf5 gxf5 33. Rg1
fxg4 34. Nxg4 Kf8 35. Nf6 Bf5 36. Rg5 Bg6 37. h5 Kf7 38. hxg6+ hxg6 39. Ne4 b6
40. Rg4 Rd8 41. Rxf4+ Kg7 42. Rf6 c5 43. a4 Re8 44. Rf4 Re5 45. Kd2 a6 46. Kc3
b5 47. axb5 axb5 48. Rg4 Kh6 49. Rg1 Rf5 50. Rg3 Rf4 51. Nxc5 b4+ 52. Kd3 Rf6
53. Kc4 Rb6 54. Rg4 Rf6 55. Kxb4 Rxf3 56. c4 Kh5 57. Rg1 g5 58. Nd7 Rf5 59. c5
Rf4+ 60. Kb5 Rf3 61. b4 g4 62. c6 Rf5+ 63. Kb6 Rf4 64. b5 1-0

[Event "29ième Championnat de Martinique"]
[Site "Fort-de-France"]
[Date "2013.05.18"]
[Round "2"]
[White "Guillaume, Marvin"]
[Black "Midonet, Mathieu"]
[Result "0-1"]
[WhiteElo "1693"]
[BlackElo "2138"]
[PlyCount "152"]
[EventDate "2013.05.18"]
[EventType "tourn"]
[EventRounds "11"]
[EventCountry "MFR"]

1. e4 c5 2. d4 cxd4 3. c3 d5 4. exd5 Qxd5 5. cxd4 Nc6 6. Nf3 Bg4 7. Be2 e6 8.
Nc3 Bb4 9. O-O Qa5 10. a3 Nf6 11. Ne5 Nxe5 12. dxe5 Bxc3 13. bxc3 Bxe2 14. Qxe2
Nd7 15. f4 O-O 16. Bd2 Rac8 17. Rf3 Rfd8 18. Rh3 Nf8 19. Be1 Qd5 20. Bf2 b6 21.
Bd4 Rc4 22. Rd1 Ng6 23. Qg4 Qe4 24. Rf3 Ra4 25. Qg5 Rd7 26. f5 Nh4 27. Rf4 Qe2
28. Qxh4 Qxd1+ 29. Rf1 Rdxd4 30. Qe7 h6 31. fxe6 Qxf1+ 32. Kxf1 Rf4+ 33. Ke2
fxe6 34. Qe8+ Kh7 35. g3 Rfc4 36. Qxe6 Rc7 37. Qd6 Rc5 38. e6 Re4+ 39. Kf3 Rce5
40. Qd3 Rxe6 41. Qxe4+ Rxe4 42. Kxe4 Kg6 43. Kd5 Kf5 44. h3 g5 45. Kc6 Ke4 46.
Kb7 Kf3 47. g4 Kg3 48. Kxa7 Kxh3 49. Kxb6 Kxg4 50. c4 Kf4 51. c5 g4 52. c6 g3
53. c7 g2 54. c8=Q g1=Q+ 55. Kb5 Qb1+ 56. Ka4 Qe4+ 57. Kb3 Qd3+ 58. Kb4 Qd2+
59. Kb3 Qd1+ 60. Kb4 Qb1+ 61. Ka4 h5 62. Qh3 Qe4+ 63. Kb5 Qf5+ 64. Qxf5+ Kxf5
65. a4 h4 66. a5 h3 67. Kb6 h2 68. a6 h1=Q 69. Ka7 Qc6 70. Kb8 Qxa6 71. Kc7 Ke6
72. Kb8 Qc6 73. Ka7 Qb5 74. Ka8 Kd7 75. Ka7 Kc7 76. Ka8 Qb7# 0-1

[Event "29ième Championnat de Martinique"]
[Site "Fort-de-France"]
[Date "2013.05.18"]
[Round "2"]
[White "Nardol, Fred"]
[Black "Chancerel, Dominique"]
[Result "0-1"]
[WhiteElo "1894"]
[BlackElo "1832"]
[PlyCount "120"]
[EventDate "2013.05.18"]
[EventType "tourn"]
[EventRounds "11"]
[EventCountry "MFR"]

1. Nf3 d5 2. g3 Nf6 3. Bg2 c5 4. d4 Nc6 5. O-O Bg4 6. c3 e6 7. Nbd2 Bd6 8. Qa4
O-O 9. dxc5 Bxc5 10. e4 Bxf3 11. Bxf3 d4 12. Nb3 Bb6 13. cxd4 Bxd4 14. Rd1 e5
15. Be3 Qe8 16. Nxd4 Nxd4 17. Qxe8 Nxf3+ 18. Kg2 Nh4+ 19. gxh4 Rfxe8 20. f3 h6
21. Rac1 Rec8 22. Rxc8+ Rxc8 23. Rc1 Rxc1 24. Bxc1 Kf8 25. Kf2 Ke7 26. Ke3 Kd6
27. b3 Ke6 28. Kd3 a6 29. Kc4 Nd7 30. Be3 Kd6 31. a3 Kc6 32. Bd2 Nf8 33. Bc3 f6
34. Kd3 h5 35. Bd2 Ng6 36. Be1 Nf4+ 37. Kd2 Ne6 38. Bf2 Nc7 39. a4 b5 40. axb5+
Kxb5 41. Kc3 Ne6 42. Be3 a5 43. Bc1 Nd4 44. Ba3 Nxf3 45. Bf8 g5 46. Be7 gxh4
47. Bxf6 h3 48. Kd3 Kb4 49. Ke3 Nxh2 50. Bd8 Ng4+ 51. Kf3 h2 52. Kg2 Kxb3 53.
Bxa5 Kc4 54. Be1 Kd3 55. Bg3 Kxe4 56. Bxe5 Kxe5 57. Kh1 Kf4 58. Kg2 h1=Q+ 59.
Kxh1 Kg3 60. Kg1 h4 0-1

[Event "29ième Championnat de Martinique"]
[Site "Fort-de-France"]
[Date "2013.05.18"]
[Round "2"]
[White "Verneuil, Pascal"]
[Black "Mendiondo, Yosvany"]
[Result "0-1"]
[WhiteElo "2069"]
[BlackElo "2040"]
[PlyCount "84"]
[EventDate "2013.05.18"]
[EventType "tourn"]
[EventRounds "11"]
[EventCountry "MFR"]

1. e4 g6 2. d4 Bg7 3. Nf3 d6 4. Be2 Nf6 5. Nc3 c6 6. O-O O-O 7. Bg5 h6 8. Bh4
g5 9. Bg3 Nxe4 10. Nxe4 f5 11. Nexg5 hxg5 12. Nxg5 e5 13. f4 e4 14. c3 a5 15.
Bh4 Nd7 16. g4 Nf6 17. Kh1 Nxg4 18. Bxg4 fxg4 19. d5 Bf5 20. Qb3 c5 21. Bg3 Qd7
22. Ne6 Rfe8 23. Rae1 a4 24. Qc4 b5 25. Qe2 a3 26. Nxg7 Qxg7 27. b3 e3 28. Kg1
Qh7 29. Rd1 Qh3 30. Rd3 Bxd3 31. Qxd3 Qh7 32. Qxh7+ Kxh7 33. Re1 Kg6 34. f5+
Kxf5 35. Bxd6 Ke4 36. Bxc5 Kd3 37. Bb4 Re4 38. Rd1+ Kc2 39. Rd4 Rxd4 40. cxd4
Kb2 41. d6 Kxa2 42. d7 Kxb3 0-1

[Event "29ième Championnat de Martinique"]
[Site "Fort-de-France"]
[Date "2013.05.18"]
[Round "2"]
[White "Rapon, Karl Loic"]
[Black "Marceline, Philippe"]
[Result "1/2-1/2"]
[WhiteElo "2069"]
[BlackElo "1984"]
[PlyCount "122"]
[EventDate "2013.05.18"]
[EventType "tourn"]
[EventRounds "11"]
[EventCountry "MFR"]

1. Nf3 c5 2. c4 Nf6 3. Nc3 Nc6 4. g3 d5 5. cxd5 Nxd5 6. Bg2 Nc7 7. O-O e5 8. d3
Be7 9. Nd2 Bd7 10. Nc4 O-O 11. Bxc6 Bxc6 12. Nxe5 Be8 13. Qb3 Bf6 14. Nf3 Bc6
15. Be3 Ne6 16. Ne4 Be7 17. Ne5 Bd5 18. Qc3 b6 19. f4 f5 20. Nd2 Bf6 21. Bf2
Bb7 22. e3 Qd6 23. Ndc4 Qd5 24. e4 fxe4 25. Ne3 Bxe5 26. Nxd5 Bxc3 27. Nxc3
exd3 28. Rad1 Rad8 29. Rfe1 Nc7 30. Re7 Rf7 31. Re3 Rfd7 32. b3 Kf7 33. g4 Ba6
34. Rd2 Re8 35. Rxe8 Nxe8 36. Be3 Nf6 37. h3 Nd5 38. Nxd5 Rxd5 39. Rb2 h5 40.
Kf2 g6 41. Bd2 Bc8 42. Kg3 hxg4 43. hxg4 Rd4 44. Bc3 Re4 45. Rd2 Re3+ 46. Kf2
Rh3 47. g5 Bf5 48. Be5 a6 49. Kg2 Re3 50. Kf2 Rxe5 51. fxe5 Ke6 52. Ke3 Kxe5
53. Rh2 b5 54. Rh4 Kd5 55. Kd2 Ke5 56. a4 Be4 57. a5 Kd4 58. Rh7 c4 59. Rd7+
Bd5 60. bxc4 bxc4 61. Rc7 Bf3 1/2-1/2

[Event "29ième Championnat de Martinique"]
[Site "Fort-de-France"]
[Date "2013.05.18"]
[Round "2.6"]
[White "Montabord, Manuel"]
[Black "Lafortune, Emerick"]
[Result "1-0"]
[WhiteElo "2052"]
[BlackElo "1713"]
[PlyCount "65"]
[EventDate "2013.05.18"]
[EventType "tourn"]
[EventRounds "11"]
[EventCountry "MFR"]

1. e4 c5 2. Nc3 Nc6 3. Bb5 g6 4. Bxc6 bxc6 5. d3 Bg7 6. f4 d6 7. Nf3 Nf6 8. O-O
O-O 9. Qe1 Qd7 10. h3 Ne8 11. Qh4 h5 12. f5 gxf5 13. Ng5 Bd4+ 14. Kh1 f6 15.
Nf3 fxe4 16. Nxe4 Ng7 17. Ng3 Qe8 18. Nxd4 cxd4 19. Qxd4 Qg6 20. Rf3 Be6 21.
Qf2 Bd5 22. Ne4 Bxe4 23. dxe4 e5 24. Rg3 Qh7 25. Qe2 Kh8 26. Qd3 f5 27. Qxd6 f4
28. Rg6 Rad8 29. Qxc6 Rd1+ 30. Kh2 f3 31. gxf3 h4 32. Rh6 Rxf3 33. Qc8+ 1-0

[Event "29ième Championnat de Martinique"]
[Site "Fort-de-France"]
[Date "2013.05.18"]
[Round "3.4"]
[White "Mendiondo, Yosvany"]
[Black "Medeuf, Yonhel"]
[Result "0-1"]
[WhiteElo "2040"]
[BlackElo "2072"]
[PlyCount "48"]
[EventDate "2013.05.18"]
[EventType "tourn"]
[EventRounds "11"]
[EventCountry "MFR"]

1. Nf3 d5 2. c4 c6 3. b3 Nf6 4. Bb2 Bf5 5. Bxf6 gxf6 6. cxd5 cxd5 7. Nd4 Bg6 8.
h4 h5 9. e3 a6 10. Nf3 Nc6 11. d3 Qa5+ 12. Qd2 Nb4 13. Nc3 Rc8 14. Rc1 e5 15.
Be2 d4 16. exd4 Bh6 17. Ng5 exd4 18. O-O dxc3 19. Rxc3 O-O 20. f4 Nd5 21. Rc2
Qxd2 22. Rxd2 fxg5 23. hxg5 Bg7 24. f5 Ne3 0-1

[Event "29ième Championnat de Martinique"]
[Site "Fort-de-France"]
[Date "2013.05.18"]
[Round "3.6"]
[White "Midonet, Mathieu"]
[Black "Nardol, Fred"]
[Result "1-0"]
[WhiteElo "2138"]
[BlackElo "1894"]
[PlyCount "89"]
[EventDate "2013.05.18"]
[EventType "tourn"]
[EventRounds "11"]
[EventCountry "MFR"]

1. e4 e6 2. d4 d5 3. e5 c5 4. Qg4 cxd4 5. Nf3 Qa5+ 6. Nbd2 Nh6 7. Qf4 Nc6 8.
Bd3 Nb4 9. O-O a6 10. Nxd4 Nxd3 11. cxd3 Bd7 12. N2f3 Be7 13. Qg3 Bf8 14. a3 g6
15. b4 Qb6 16. Be3 Qd8 17. Bg5 Qb6 18. Bf6 Rg8 19. Rac1 Nf5 20. Nxf5 exf5 21.
Rc2 Be7 22. Bxe7 Kxe7 23. Qh4+ g5 24. Nxg5 Qg6 25. Nxh7+ Ke6 26. Qf6+ Qxf6 27.
Nxf6 Ba4 28. Rc7 d4 29. Nxg8 Rxg8 30. Rxb7 Bb5 31. Rb6+ Kxe5 32. Re1+ Kd5 33.
Rd1 Rc8 34. h4 Rh8 35. g3 f4 36. h5 Rxh5 37. Rc1 Bxd3 38. Rc5+ Ke4 39. Rxh5
fxg3 40. fxg3 Be2 41. Rh4+ Ke3 42. Rd6 d3 43. Rhd4 f5 44. a4 Kf3 45. Kh2 1-0

[Event "29ième Championnat de Martinique"]
[Site "Fort-de-France"]
[Date "2013.05.18"]
[Round "3"]
[White "Lafortune, Emerick"]
[Black "Guillaume, Marvin"]
[Result "0-1"]
[WhiteElo "1713"]
[BlackElo "1693"]
[PlyCount "96"]
[EventDate "2013.05.18"]
[EventType "tourn"]
[EventRounds "11"]
[EventCountry "MFR"]

1. Nf3 d5 2. d4 Nf6 3. c4 c6 4. g3 dxc4 5. Bg2 b5 6. Ne5 Bb7 7. a4 a6 8. Nc3 e6
9. O-O Nd5 10. e4 Nxc3 11. bxc3 Bd6 12. Qg4 Bxe5 13. dxe5 g6 14. Bg5 Qc7 15.
Bf6 h5 16. Qe2 Rh7 17. f4 Nd7 18. Bh4 Nc5 19. axb5 cxb5 20. Qe3 Nb3 21. Ra2 Qc5
22. Qxc5 Nxc5 23. Rd1 Nd3 24. Kf1 Rh8 25. Bf6 Rg8 26. Ke2 Kd7 27. Ke3 Kc7 28.
Be7 Rae8 29. Bd6+ Kb6 30. Rad2 a5 31. Bf1 Nc5 32. Bxc5+ Kxc5 33. Rd7 Bc6 34.
Rxf7 Rd8 35. Be2 Rxd1 36. Bxd1 b4 37. cxb4+ axb4 38. Ra7 Ra8 39. Rxa8 Bxa8 40.
f5 gxf5 41. exf5 exf5 42. Kd2 Kd4 43. e6 Bc6 44. Bxh5 b3 45. Be2 c3+ 46. Kc1
Be4 47. e7 b2+ 48. Kd1 b1=Q# 0-1

[Event "29ième Championnat de Martinique"]
[Site "Fort-de-France"]
[Date "2013.05.18"]
[Round "3"]
[White "Marceline, Philippe"]
[Black "Montabord, Manuel"]
[Result "0-1"]
[WhiteElo "1984"]
[BlackElo "2052"]
[PlyCount "88"]
[EventDate "2013.05.18"]
[EventType "tourn"]
[EventRounds "11"]
[EventCountry "MFR"]

1. e4 c6 2. c4 d5 3. exd5 cxd5 4. d4 Nf6 5. Nc3 Nc6 6. Bg5 e6 7. Nf3 Be7 8. Be2
O-O 9. O-O dxc4 10. Bxc4 Qa5 11. d5 Qc5 12. dxc6 Qxc4 13. cxb7 Bxb7 14. Qd4
Rfc8 15. Qxc4 Rxc4 16. Ne5 Rb4 17. b3 h6 18. Be3 Nd5 19. Nxd5 Bxd5 20. Nd3 Rb5
21. Rac1 a5 22. Rc7 Bd6 23. Rd7 Ba3 24. Nf4 Bc6 25. Rc7 Be4 26. f3 Bh7 27. Rd1
g5 28. Ne2 Re5 29. Kf2 Bg6 30. Nc3 Bb4 31. Na4 Rb5 32. Rdd7 Rab8 33. h4 gxh4
34. Bc5 Kg7 35. Bd4+ e5 36. Ba7 Ra8 37. Nc5 Kf6 38. a4 Bxc5+ 39. Rxc5 Rxb3 40.
Rxa5 Rb2+ 41. Kg1 Rc8 42. Rc5 Ra8 43. a5 Rb1+ 44. Kf2 Kf5 0-1

[Event "29ième Championnat de Martinique"]
[Site "Fort-de-France"]
[Date "2013.05.18"]
[Round "3"]
[White "Suez Panama, Gilles"]
[Black "Rapon, Karl Loic"]
[Result "0-1"]
[WhiteElo "2059"]
[BlackElo "2069"]
[PlyCount "156"]
[EventDate "2013.05.18"]
[EventType "tourn"]
[EventRounds "11"]
[EventCountry "MFR"]

1. Nf3 Nf6 2. d4 e6 3. c4 b6 4. g3 Bb7 5. Bg2 Be7 6. Nc3 Ne4 7. Qc2 Nxc3 8.
bxc3 Nc6 9. O-O Na5 10. Nd2 c6 11. Qa4 Ba6 12. Nb3 Bxc4 13. Nxa5 b5 14. Nxc6
bxa4 15. Nxd8 Rxd8 16. Re1 Rb8 17. Be4 O-O 18. a3 Rfc8 19. Rb1 Bb3 20. Bf4 Rb6
21. c4 Rxc4 22. Bd3 Rc8 23. Rec1 Rbc6 24. Bb5 Rxc1+ 25. Rxc1 Rxc1+ 26. Bxc1 d5
27. Kf1 Bd8 28. Bd2 a5 29. Ke1 Be7 30. Bc1 f6 31. e3 Kf7 32. Kd2 e5 33. f3 Ke6
34. Kc3 Bd1 35. f4 exf4 36. exf4 Kf5 37. Kd2 Bb3 38. Ke3 Ke6 39. h3 h6 40. g4
f5 41. Bd3 fxg4 42. hxg4 Bd1 43. Bf5+ Kf6 44. Bd7 g5 45. Kd2 Bb3 46. fxg5+ Kxg5
47. Kd3+ Kh4 48. Bxh6 Bxa3 49. g5 Bc1 50. Kc3 Bd1 51. Be6 Bb3 52. Bd7 Bf4 53.
Kb2 Bxg5 54. Bg7 Kg3 55. Bc6 Kf2 56. Be5 Ke3 57. Ka3 Be7+ 58. Kb2 Bb4 59. Bf6
Kd2 60. Bb5 Ke3 61. Bg7 Bd1 62. Bc6 a3+ 63. Ka2 Ke4 64. Be8 a4 65. Bg6+ Ke3 66.
Bh6+ Kxd4 67. Bg7+ Kc4 68. Bf7 Bb3+ 69. Kb1 Bd1 70. Ka1 Bb3 71. Be6 Kd3 72.
Bxd5 Bxd5 73. Bf6 Kc2 74. Be5 a2 75. Bb2 a3 76. Be5 Bd2 77. Bd4 Bc1 78. Bh8
Bb2+ 0-1

[Event "29ième Championnat de Martinique"]
[Site "Fort-de-France"]
[Date "2013.05.18"]
[Round "3"]
[White "Chancerel, Dominique"]
[Black "Verneuil, Pascal"]
[Result "1/2-1/2"]
[WhiteElo "1832"]
[BlackElo "2069"]
[PlyCount "118"]
[EventDate "2013.05.18"]
[EventType "tourn"]
[EventRounds "11"]
[EventCountry "MFR"]

1. e4 c5 2. Nf3 e6 3. d4 cxd4 4. Nxd4 Nc6 5. Be3 Nf6 6. Nd2 d5 7. Bb5 Bd7 8.
Nxc6 Bxc6 9. Bxc6+ bxc6 10. exd5 cxd5 11. O-O Be7 12. Nf3 O-O 13. Qd3 Ne4 14.
c4 Nf6 15. Rfd1 dxc4 16. Qxc4 Qb8 17. Bd4 Nd5 18. Rac1 Rc8 19. Qa6 Nb4 20. Qa4
Qb7 21. Ne5 Rc7 22. a3 Nd5 23. Rxc7 Qxc7 24. Nc6 Bf6 25. Bxf6 Nxf6 26. b4 Nd5
27. Qc2 g6 28. g3 Qb7 29. Rc1 Rc8 30. Qc5 Qb6 31. b5 Kg7 32. Qxb6 axb6 33. Rc2
Ra8 34. Nb4 Rxa3 35. Nxd5 exd5 36. Rd2 Rb3 37. Rxd5 Kf8 38. f4 Ke7 39. Kg2 f6
40. f5 g5 41. h3 h5 42. Kf2 h4 43. gxh4 gxh4 44. Kg2 Rg3+ 45. Kh2 Re3 46. Kg2
Rg3+ 47. Kh2 Re3 48. Rd4 Re5 49. Rxh4 Rxb5 50. Rf4 Rb3 51. h4 Kf7 52. Rg4 Rb5
53. Rf4 Kg7 54. Kg3 Kh6 55. Kg4 Rb1 56. Rd4 Rg1+ 57. Kh3 Rh1+ 58. Kg3 Rg1+ 59.
Kh3 Rh1+ 1/2-1/2

[Event "29ième Championnat de Martinique"]
[Site "Fort-de-France"]
[Date "2013.05.19"]
[Round "4"]
[White "Medeuf, Yonhel"]
[Black "Chancerel, Dominique"]
[Result "0-1"]
[WhiteElo "2072"]
[BlackElo "1832"]
[PlyCount "53"]
[EventDate "2013.05.18"]
[EventType "tourn"]
[EventRounds "11"]
[EventCountry "MFR"]

1. e4 e5 2. Nf3 Nc6 3. Bb5 a6 4. Ba4 Nf6 5. O-O Be7 6. d4 exd4 7. Re1 O-O 8. e5
Ne8 9. c3 b5 10. Bc2 Bb7 11. Qd3 g6 12. Nxd4 Ng7 13. Bh6 Re8 14. Bxg7 Kxg7 15.
Nd2 Bc5 16. N2f3 Bxd4 17. Nxd4 Nxe5 18. Qg3 d6 19. Nf5+ Kh8 20. Nh6 Qf6 21. f4
Nc4 22. b3 Na3 23. Bd3 Qg7 24. Qh4 f5 25. g4 Qxc3 26. Nf7+ Kg7 27. Bxf5 0-1

[Event "29ième Championnat de Martinique"]
[Site "Fort-de-France"]
[Date "2013.05.19"]
[Round "4"]
[White "Rapon, Karl Loic"]
[Black "Mendiondo, Yosvany"]
[Result "0-1"]
[WhiteElo "2069"]
[BlackElo "2040"]
[PlyCount "92"]
[EventDate "2013.05.18"]
[EventType "tourn"]
[EventRounds "11"]
[EventCountry "MFR"]

1. c4 d6 2. Nc3 g6 3. g3 Bg7 4. Bg2 e5 5. e4 Ne7 6. Nge2 O-O 7. d4 Nbc6 8. d5
Nd4 9. Be3 c5 10. dxc6 Nexc6 11. O-O Be6 12. Nd5 Bxd5 13. cxd5 Nxe2+ 14. Qxe2
Nd4 15. Bxd4 exd4 16. Rac1 Qb6 17. b3 Rac8 18. Bh3 Rc3 19. Qd2 Re8 20. Rfe1 Qc5
21. Bf1 Rc8 22. Rxc3 dxc3 23. Qc2 Bh6 24. Bd3 Bd2 25. Re2 Kg7 26. Kg2 Qd4 27.
Bc4 Rc5 28. a4 a6 29. Qb1 Rxc4 30. bxc4 Qxc4 31. Rxd2 cxd2 32. Qb2+ Kg8 33.
Qxd2 Qxe4+ 34. f3 Qxa4 35. h4 h5 36. Kh3 Qc4 37. g4 hxg4+ 38. fxg4 b5 39. h5 b4
40. Qg5 Qd3+ 41. Kh4 Qe4 42. Qd8+ Kh7 43. hxg6+ Qxg6 44. Qb6 Qf6+ 45. g5 Qf4+
46. Kh5 Qg3 0-1

[Event "29ième Championnat de Martinique"]
[Site "Fort-de-France"]
[Date "2013.05.19"]
[Round "4"]
[White "Verneuil, Pascal"]
[Black "Midonet, Mathieu"]
[Result "1-0"]
[WhiteElo "2069"]
[BlackElo "2138"]
[PlyCount "96"]
[EventDate "2013.05.18"]
[EventType "tourn"]
[EventRounds "11"]
[EventCountry "MFR"]

1. e4 c5 2. Nc3 Nc6 3. g3 g6 4. Bg2 Bg7 5. Nge2 Rb8 6. a4 e6 7. O-O Nge7 8. d4
cxd4 9. Nb5 O-O 10. Nbxd4 d5 11. c3 a6 12. Be3 Qc7 13. Rc1 dxe4 14. Bxe4 e5 15.
Nxc6 bxc6 16. Bc5 Rxb2 17. Rc2 Rxc2 18. Qxc2 Be6 19. Qd3 Ra8 20. Bxe7 Qxe7 21.
Bxc6 Ra7 22. Rb1 Qc7 23. Bd5 Bf5 24. Be4 Bd7 25. c4 Bf8 26. Nc3 Kg7 27. Bd5 Bc5
28. Kg2 f5 29. Re1 e4 30. Nxe4 fxe4 31. Qc3+ Kh6 32. Rxe4 Be7 33. Qe3+ Bg5 34.
Rh4+ Kg7 35. Qxg5 Bxa4 36. Qe3 h5 37. Qd4+ Kh6 38. Rf4 Qg7 39. Qe3 Kh7 40. Re4
Bc2 41. Re8 g5 42. Bg8+ Kh6 43. Re6+ Bg6 44. h4 Qxg8 45. Rxg6+ Qxg6 46. hxg5+
Qxg5 47. Qxa7 Qf6 48. Qc5 Kg6 1-0

[Event "29ième Championnat de Martinique"]
[Site "Fort-de-France"]
[Date "2013.05.19"]
[Round "4"]
[White "Lafortune, Emerick"]
[Black "Marceline, Philippe"]
[Result "1-0"]
[WhiteElo "1713"]
[BlackElo "1984"]
[PlyCount "49"]
[EventDate "2013.05.18"]
[EventType "tourn"]
[EventRounds "11"]
[EventCountry "MFR"]

1. Nf3 Nf6 2. c4 g6 3. g3 Bg7 4. Bg2 O-O 5. O-O d6 6. d4 a6 7. Nc3 Nc6 8. e4
Bg4 9. Be3 Qc8 10. Qd2 Bh3 11. d5 Bxg2 12. Kxg2 Na5 13. Qd3 c5 14. Rae1 Rb8 15.
e5 dxe5 16. Nxe5 b6 17. f4 Ng4 18. Bd2 f6 19. Nxg4 Qxg4 20. Rxe7 b5 21. cxb5
axb5 22. Ne4 Nc4 23. Nxc5 Rfe8 24. d6 Nxd2 25. Qxd2 1-0

[Event "29ième Championnat de Martinique"]
[Site "Fort-de-France"]
[Date "2013.05.19"]
[Round "4"]
[White "Montabord, Manuel"]
[Black "Suez Panama, Gilles"]
[Result "0-1"]
[WhiteElo "2052"]
[BlackElo "2059"]
[PlyCount "56"]
[EventDate "2013.05.18"]
[EventType "tourn"]
[EventRounds "11"]
[EventCountry "MFR"]

1. e4 e6 2. d3 d5 3. Qe2 Nf6 4. Nf3 c5 5. g3 Nc6 6. Bg2 Be7 7. O-O O-O 8. e5
Nd7 9. h4 b5 10. Bf4 a5 11. Nbd2 Ba6 12. h5 c4 13. Rfd1 Qb6 14. Nf1 b4 15. N1h2
a4 16. dxc4 Bxc4 17. Qd2 b3 18. cxb3 axb3 19. a3 Nc5 20. Be3 Qc7 21. Bxc5 Bxc5
22. Ng4 f6 23. Ne3 Ra4 24. Bh3 Qf7 25. exf6 Qxf6 26. Bg2 Ne5 27. Nh2 Nd3 28.
Nf3 Qxb2 0-1

[Event "29ième Championnat de Martinique"]
[Site "Fort-de-France"]
[Date "2013.05.19"]
[Round "4"]
[White "Guillaume, Marvin"]
[Black "Nardol, Fred"]
[Result "1-0"]
[WhiteElo "1693"]
[BlackElo "1894"]
[PlyCount "45"]
[EventDate "2013.05.18"]
[EventType "tourn"]
[EventRounds "11"]
[EventCountry "MFR"]

1. e4 e6 2. d4 d5 3. Nc3 dxe4 4. Nxe4 Nd7 5. Nf3 Ngf6 6. Nxf6+ Nxf6 7. Bd3 c5
8. O-O cxd4 9. Nxd4 Bc5 10. Nb3 Be7 11. Bg5 O-O 12. Qe2 Qc7 13. f4 Bd7 14. Rf3
Rfe8 15. Rd1 e5 16. fxe5 Bg4 17. Bxf6 Bxf3 18. Qxf3 Bc5+ 19. Kh1 gxf6 20. exf6
Re5 21. Qg4+ Kf8 22. Qg7+ Ke8 23. Bb5+ 1-0